Personnages des Simpson version Halloween - Statistiques

Statistiques générales
  • Ce quiz a été pris 88 fois
  • Le résultat moyen est 13 sur 18
Statistiques - réponses
Par images Réponse % Correct
Lisa Simpson
95%
Ned Flanders
92%
Montgomery Burns / Dracula
89%
Homer Simpson
88%
Krusty le clown
86%
Tahiti Bob
84%
Maggie Simpson
83%
Moe Szyslak
80%
Apu Nahasapeemapetilon
79%
Willie le jardinier
79%
Harry Potter
75%
Marge Simpson
71%
Maude Flanders
59%
Bill Clinton
49%
Prince
49%
Julius Hibbert
47%
John Lennon
45%
Kang / Kodos
25%
Aucun quiz correspondant
Distribution des résultats
% des personnes avec chaque résultat
Percentile par nombre de réponses
Votre historique - résultats
Vous n’avez pas pris ce quiz